Corrupción corporativa (Registro nro. 171796)
[ vista simple ]
| 000 -LEADER | |
|---|---|
| fixed length control field | 02861nam a22002537a 4500 |
| 007 - PHYSICAL DESCRIPTION FIXED FIELD--GENERAL INFORMATION | |
| fixed length control field | cr|||| |||| |
| 008 - FIXED-LENGTH DATA ELEMENTS--GENERAL INFORMATION | |
| fixed length control field | 220714s2021 es |||||s|||| 00||0 spa d |
| 020 ## - INTERNATIONAL STANDARD BOOK NUMBER | |
| International Standard Book Number | 978-84-1122-070-5 |
| 035 ## - | |
| -- | 36457 |
| 040 ## - CATALOGING SOURCE | |
| Original cataloging agency | vLex |
| 090 ## - | |
| -- | 13560 |
| -- | 13560 |
| 100 1# - MAIN ENTRY--PERSONAL NAME | |
| Personal name | Zúñiga Rodríguez, Laura |
| 245 10 - TITLE STATEMENT | |
| Title | Corrupción corporativa |
| Medium | [Recurso electrónico] : |
| Remainder of title | el precio de la deslealtad ¿Está justificado un delito de administración desleal societario? / |
| Statement of responsibility, etc | Laura Zúñiga Rodríguez |
| 256 ## - | |
| -- | Servicio en línea |
| 260 ## - PUBLICATION, DISTRIBUTION, ETC. (IMPRINT) | |
| Place of publication, distribution, etc | Madrid: |
| Name of publisher, distributor, etc | Dykinson, |
| Date of publication, distribution, etc | 2021 |
| 300 ## - PHYSICAL DESCRIPTION | |
| Extent | 1 recurso electrónico |
| 500 ## - GENERAL NOTE | |
| General note | La corrupción es una forma de deslealtad a alguien o a algo, según Calsamiglia. Precisamente una de las mayores deslealtades es la del administrador de sociedades al que se le confía la gestión del patrimonio social y aprovecha esta actividad para beneficiarse personalmente en desmedro de los intereses sociales. Lamentablemente, la experiencia de los últimos años nos ha dado numerosos ejemplos de ello: pagos de sobornos, remuneraciones excesivas, jubilaciones millonarias, acuerdos fraudulentos en provecho de sus intereses privados, etc. El asunto cobra mayor relevancia cuando, además de despatrimonializar a la empresa, ésta debe ser reflotada con el erario público, como ha sucedido después de la crisis de 2008 con numerosas sociedades financieras. En este trabajo se aborda la corrupción corporativa primero desde el punto de vista criminológico, es decir, la comprensión de la cultura corporativa que marca los comportamientos en las empresas, particularmente desde arriba (tone at the top), de ahí la importancia de la prevención desde el comportamiento de los directivos. Esta problemática que es tratada por el Derecho con normas sobre el gobierno corporativo (corporate governance), han dado lugar a la reforma de 2014 de la Ley de Sociedades de Capital, que ha pretendido elevar el precio de la deslealtad de los administradores. Por otro lado, el legislador penal de 2015 ha reformado el CP en la materia (antiguo art. 295 CP), derogando el delito societario de administración desleal a cambio de un genérico tipo penal de administración desleal (art. 252 CP). La gran pregunta es si estas reformas han conseguido elevar el precio de la deslealtad de manera que al administrador le resulte más costoso delinquir, que beneficiarse de la misma. |
| 506 1# - RESTRICTIONS ON ACCESS NOTE | |
| Terms governing access | Disponible solo en los productos indicados |
| Authorized users | vLex Global |
| -- | vLex Global (Academic Edition, excluding Law Schools) |
| -- | vLex Global (U.S. Academic Edition, Law Schools) |
| -- | vLex Global (U.S. Academic Edition, excluding Law Schools) |
| -- | vLex Global (Academic Edition, Law Schools) |
| 650 04 - SUBJECT ADDED ENTRY--TOPICAL TERM | |
| Topical term or geographic name as entry element | Derecho Penal |
| Geographic subdivision | España |
| 740 0# - | |
| -- | vLex Libros (Servicio en línea) |
| 856 40 - LOCALIZACIÓN Y ACCESO ELECTRÓNICO | |
| Identificador Uniforme del Recurso (URI/URL) | https://app.vlex.com/#/sources/36457 |
| 942 ## - | |
| -- | RAA |
| 999 ## - | |
| -- | 171796 |
| -- | 171796 |
No hay ítems disponibles.